00943nam a2200253 a 4500003000900000005001700009008004100026040001300067100003100080245006400111260003100175300001100206500015800217500002100375500004600396500006900442504003900511650002900550650001800579651001900597653002800616653002900644653001600673AR-BaBNM20251128210317.0082120s2002 ||||||||||||||000 | spa|| cAR-BaBNM1 aEddy, Edward Danforthcjr.00aLos centros de enseñanza norteamericanos en la actualidad aBarcelonabRevertéc1962 a277 p. aDescripción del único sistema de enseñanza Land-Grant, cuyo desarrollo educativo esta actualmente ganando el reconocimiento de gran parte del mundo aNotas p. 244-252 aContiene índice alfabético p. 270-277 aContiene lista de Colleges y universidades Land-Grant p. 241-243 aContiene bibliografía p. 253-267 4aHISTORIA DE LA EDUCACION 4aUNIVERSIDADES 4aEstados Unidos aEXPERIENCIAS EDUCATIVAS aINSTITUCIONES EDUCATIVAS aNIVEL MEDIO